Skład reprezentacji Anglii! - Statystyki

Ogólne statystyki
  • Ten quiz został rozwiązany 91 razy
  • Średni wynik to 9 z 22
Statystyki odpowiedzi
Pozycja Zawodnik % Poprawnych
Bramkarz Pickford
94%
Napastnik Kane
88%
Obrońca Maguire
73%
Obrońca Walker
71%
Bramkarz Henderson
68%
Pomocnik Foden
62%
Pomocnik Grealish
51%
Pomocnik Mount
50%
Bramkarz Pope
50%
Pomocnik Saka
46%
Napastnik Sancho
45%
Pomocnik Rice
42%
Pomocnik Bellingham
41%
Obrońca Trippier
35%
Obrońca Chilwell
26%
Napastnik Abraham
19%
Obrońca Dier
18%
Obrońca Mings
17%
Napastnik Calvert-Lewin
10%
Obrońca Keane
10%
Pomocnik Winks
6%
Obrońca Maitland-Niles
0%
Nie znaleziono quizów pasujących do podanych kryteriów
Rozkład punktacji
Procent ludzi z każdym wynikiem
Percentyl według liczby udzielonych odpowiedzi
Twoja historia wyników
Nie rozwiązałeś tego quizu